000
00309nam a22001337a 4500
008
170321b xxu||||| |||| 00| 0 eng d
020
_a
9780803610439
041
_a
eng
080
_a
616.12 -008-073
100
_a
7
101
_a
SHM
245
_a
E Z ECG RHYTHM INTERPREPATION
_c
GEITER.H.B
942
_2
udc
_c
BK
999
_c
8285
_d
8285